Normal view MARC view

Entry Personal Name

Number of records used in: 1

001 - CONTROL NUMBER

  • control field: 9460

003 - CONTROL NUMBER IDENTIFIER

  • control field: DLC

005 - DATE AND TIME OF LATEST TRANSACTION

  • control field: 20230908144335.0

008 - FIXED-LENGTH DATA ELEMENTS

  • fixed length control field: 930223n| azannaabn |a aaa

010 ## - LIBRARY OF CONGRESS CONTROL NUMBER

  • LC control number: n 93016719

035 ## - SYSTEM CONTROL NUMBER

  • System control number: (OCoLC)oca03322127

040 ## - CATALOGING SOURCE

  • Original cataloging agency: DLC
  • Language of cataloging: eng
  • Description conventions: rda
  • Transcribing agency: DLC
  • Modifying agency: UkCU
  • Modifying agency: DLC

100 1# - HEADING--PERSONAL NAME

  • Personal name: Bhushan, Bharat

400 0# - SEE FROM TRACING--PERSONAL NAME

  • Personal name: Bharat Bhushan

670 ## - SOURCE DATA FOUND

  • Source citation: Justice and law, 2009:
  • Information found: t.p. (Bharat Bhushan) p. 259 (Bharat Bhushan is a journalist and editor of the New Delhi tabloid newspaper, Mail Today)

Powered by Koha